[Event "EU-ch Online U16 Girls"]
[Site "Tornelo INT"]
[Date "2020.09.20"]
[Round "9"]
[White "Shehzad, Alisha"]
[Black "Tomasi, Elise"]
[Result "0-1"]
[WhiteElo "1471"]
[BlackElo "1858"]
[PlyCount "54"]
[EventDate "2020.09.18"]
[EventType "swiss (rapid)"]
[EventRounds "9"]
[EventCountry "NET"]
[SourceTitle "EXT 2023"]
[Source "ChessBase"]
[SourceDate "2022.10.05"]
[SourceVersion "1"]
[SourceVersionDate "2022.10.05"]
[SourceQuality "1"]
[WhiteTeam "Norway"]
[BlackTeam "France"]
[WhiteTeamCountry "NOR"]
[BlackTeamCountry "FRA"]

1. e4 e5 2. Nf3 Nc6 3. Nc3 Nf6 4. d4 Bb4 5. Bg5 exd4 6. Nxd4 Bxc3+ 7. bxc3 h6 8. Bxf6 Qxf6 9. Bc4 0-0 10. 0-0 Re8 11. Re1 d6 12. Qd2 Ne5 13. Bb3 Bd7 14. h3 c5 15. Ne2 Bxh3 16. Rad1 Rad8 17. Qd5 Be6 18. Qxb7 Qh4 19. Ng3 Ng4 20. Rd2 h5 21. Red1 Qh2+ 22. Kf1 h4 23. Nf5 Qh1+ 24. Ke2 Qxg2 25. Ke1 Qg1+ 26. Ke2 Qxf2+ 27. Kd3 Ne5# 0-1

[Event "EU-ch Online U16 Girls"]
[Site "Tornelo INT"]
[Date "2020.09.18"]
[Round "3"]
[White "Shehzad, Alisha"]
[Black "Katter, Katharina"]
[Result "0-1"]
[WhiteElo "1471"]
[BlackElo "1613"]
[PlyCount "46"]
[EventDate "2020.09.18"]
[EventType "swiss (rapid)"]
[EventRounds "9"]
[EventCountry "NET"]
[SourceTitle "EXT 2023"]
[Source "ChessBase"]
[SourceDate "2022.10.05"]
[SourceVersion "1"]
[SourceVersionDate "2022.10.05"]
[SourceQuality "1"]
[WhiteTeam "Norway"]
[BlackTeam "Austria"]
[WhiteTeamCountry "NOR"]
[BlackTeamCountry "AUT"]

1. e4 e5 2. Nf3 Nc6 3. Nc3 Nf6 4. d4 exd4 5. Nxd4 Bb4 6. Nxc6 bxc6 7. Bd3 0-0 8. 0-0 d5 9. e5 Ng4 10. Re1 Qh4 11. h3 Qxf2+ 12. Kh1 Bc5 13. Ne2 Qh4 14. Qd2 Nf2+ 15. Kh2 Ng4+ 16. Kh1 Be3 17. Qa5 Bb6 18. Qc3 Nf2+ 19. Kh2 Bxh3 20. Bxh7+ Kxh7 21. gxh3 Ne4 22. Bg5 Qf2+ 23. Kh1 Nxc3 0-1

[Event "Prague op-A 19th"]
[Site "Prague"]
[Date "2020.01.14"]
[Round "6"]
[White "Jahoda, Ladislav"]
[Black "Shehzad, Alisha"]
[Result "1/2-1/2"]
[WhiteElo "1890"]
[BlackElo "1696"]
[PlyCount "31"]
[EventDate "2020.01.10"]
[EventType "swiss"]
[EventRounds "9"]
[EventCountry "CZE"]
[SourceTitle "CBM 195 Extra"]
[Source "ChessBase"]
[SourceDate "2020.05.31"]
[SourceVersion "1"]
[SourceVersionDate "2020.05.31"]
[SourceQuality "1"]

1. e4 c5 2. c3 Nf6 3. e5 Nd5 4. d4 cxd4 5. Nf3 Nc6 6. cxd4 d6 7. exd6 Qxd6 8. Nc3 g6 9. Bc4 Nb6 10. Bb3 Bg7 11. Be3 0-0 12. 0-0 Bg4 13. h3 Bxf3 14. Qxf3 Nxd4 15. Bxd4 Qxd4 16. Qxb7 1/2-1/2

[Event "Prague op-A 19th"]
[Site "Prague"]
[Date "2020.01.12"]
[Round "4"]
[White "Solbu, Lasse Tveter"]
[Black "Shehzad, Alisha"]
[Result "1-0"]
[WhiteElo "1898"]
[BlackElo "1696"]
[PlyCount "55"]
[EventDate "2020.01.10"]
[EventType "swiss"]
[EventRounds "9"]
[EventCountry "CZE"]
[SourceTitle "CBM 195 Extra"]
[Source "ChessBase"]
[SourceDate "2020.05.31"]
[SourceVersion "1"]
[SourceVersionDate "2020.05.31"]
[SourceQuality "1"]

1. e4 c5 2. Nc3 Nc6 3. f4 g6 4. Nf3 Bg7 5. Bb5 Nd4 6. 0-0 e6 7. e5 a6 8. Bd3 d5 9. Nxd4 cxd4 10. Ne2 b5 11. Qe1 Ne7 12. Nxd4 Nf5 13. Bxf5 gxf5 14. d3 0-0 15. Be3 Bb7 16. Bf2 Kh8 17. Qe2 Qc7 18. Qh5 Rg8 19. Rae1 Bf8 20. Bh4 Rg6 21. Bf6+ Bg7 22. Re3 Bxf6 23. exf6 Rxf6 24. Rh3 h6 25. Qg5 Rg6 26. Rxh6+ Rxh6 27. Qxh6+ Kg8 28. Rf3 1-0

[Event "Arco op 41st"]
[Site "Arco"]
[Date "2019.10.08"]
[Round "5"]
[White "Shehzad, Alisha"]
[Black "Okhotnik, Vladimir"]
[Result "0-1"]
[WhiteElo "1678"]
[BlackElo "2363"]
[PlyCount "64"]
[EventDate "2019.10.04"]
[EventType "swiss"]
[EventRounds "9"]
[EventCountry "ITA"]
[SourceTitle "EXT 2020"]
[Source "ChessBase"]
[SourceDate "2019.10.17"]
[SourceVersion "1"]
[SourceVersionDate "2019.10.17"]
[SourceQuality "1"]

1. e4 e6 2. d4 d5 3. Nd2 Be7 4. Bd3 c5 5. c3 cxd4 6. cxd4 Nc6 7. Ndf3 dxe4 8. Bxe4 Nf6 9. Bc2 Bb4+ 10. Bd2 Qb6 11. Ne2 Bxd2+ 12. Qxd2 Qxb2 13. 0-0 Qb4 14. Qg5 0-0 15. Rfd1 Rd8 16. Bd3 Rd5 17. Qh4 h6 18. Rac1 Qe7 19. Ne5 Nxe5 20. dxe5 Rxe5 21. Qf4 Rd5 22. Rc7 Qd8 23. Qc4 Rd7 24. Rxd7 Bxd7 25. Qb4 Qc7 26. Rc1 Bc6 27. Nd4 Qf4 28. Rb1 Bd5 29. a4 Rc8 30. Nc2 Qxb4 31. Rxb4 Rc3 32. Rd4 e5 0-1

[Event "Arco op 41st"]
[Site "Arco"]
[Date "2019.10.07"]
[Round "4"]
[White "Lang, Alexander"]
[Black "Shehzad, Alisha"]
[Result "1/2-1/2"]
[WhiteElo "2032"]
[BlackElo "1678"]
[PlyCount "61"]
[EventDate "2019.10.04"]
[EventType "swiss"]
[EventRounds "9"]
[EventCountry "ITA"]
[SourceTitle "EXT 2020"]
[Source "ChessBase"]
[SourceDate "2019.10.17"]
[SourceVersion "1"]
[SourceVersionDate "2019.10.17"]
[SourceQuality "1"]

1. d4 Nf6 2. c4 e6 3. Nc3 Bb4 4. a3 Bxc3+ 5. bxc3 c5 6. d5 d6 7. f3 0-0 8. e4 b6 9. Bd3 Ba6 10. Ne2 Nbd7 11. f4 exd5 12. cxd5 c4 13. Bc2 Nc5 14. Qd4 Re8 15. 0-0 Nfxe4 16. f5 Nb3 17. Bxb3 cxb3 18. c4 Qf6 19. Rf3 Bxc4 20. Qxc4 Qxa1 21. Qd4 Qxd4+ 22. Nxd4 Nc5 23. Kf1 Re5 24. Nc6 Re4 25. f6 Rc4 26. Ne7+ Kf8 27. fxg7+ Kxg7 28. Nf5+ Kg6 29. Ne7+ Kg7 30. Nf5+ Kg6 31. Ne7+ 1/2-1/2

[Event "Helsingor Xtracon op"]
[Site "Helsingor"]
[Date "2019.07.28"]
[Round "10"]
[White "Koch Mueller, Oscar"]
[Black "Shehzad, Alisha"]
[Result "1/2-1/2"]
[WhiteElo "1866"]
[BlackElo "1637"]
[PlyCount "49"]
[EventDate "2019.07.20"]
[EventType "swiss"]
[EventRounds "10"]
[EventCountry "DEN"]
[SourceTitle "CBM 191 Extra"]
[Source "ChessBase"]
[SourceDate "2019.09.30"]
[SourceVersion "1"]
[SourceVersionDate "2019.09.30"]
[SourceQuality "1"]

1. d4 Nf6 2. c4 e6 3. Nc3 Bb4 4. e3 0-0 5. Nge2 d5 6. a3 Bxc3+ 7. Nxc3 b6 8. cxd5 Nxd5 9. Bd3 Bb7 10. 0-0 Nd7 11. e4 Nxc3 12. bxc3 c5 13. d5 exd5 14. exd5 Bxd5 15. Bxh7+ Kxh7 16. Qxd5 Nf6 17. Qf5+ Kg8 18. Bg5 Qd5 19. Qf4 Ne4 20. Rad1 Qxg5 21. Qxe4 Rfe8 22. Qb7 Red8 23. g3 Rxd1 24. Rxd1 Rd8 25. Rxd8+ 1/2-1/2

[Event "Helsingor Xtracon op"]
[Site "Helsingor"]
[Date "2018.07.24"]
[Round "5"]
[White "Shehzad, Alisha"]
[Black "Johansen, Paul Ivar"]
[Result "1-0"]
[WhiteElo "1650"]
[BlackElo "1244"]
[PlyCount "99"]
[EventDate "2018.07.21"]
[EventType "swiss"]
[EventRounds "10"]
[EventCountry "DEN"]
[SourceTitle "CBM 185 Extra"]
[Source "ChessBase"]
[SourceDate "2018.07.29"]
[SourceVersion "1"]
[SourceVersionDate "2018.07.29"]
[SourceQuality "1"]

1. e4 e6 2. d4 d5 3. Nd2 Nf6 4. e5 Nfd7 5. Bd3 c5 6. c3 c4 7. Bc2 Be7 8. Ne2 0-0 9. 0-0 b5 10. f4 Re8 11. f5 exf5 12. Bxf5 Nf8 13. Bc2 Be6 14. Nf4 Bg5 15. Nxe6 fxe6 16. Qg4 Qe7 17. Nf3 Bxc1 18. Raxc1 g6 19. Ng5 Qg7 20. Rf7 Qh6 21. Rcf1 Nbd7 22. R7f2 a6 23. Nf7 Qh5 24. Qxh5 gxh5 25. Rf3 Re7 26. Rg3+ Ng6 27. Bxg6 hxg6 28. Rxg6+ Kh7 29. Rxe6 Rxe6 30. Ng5+ Kh6 31. Nxe6 Rg8 32. Rf7 Nb6 33. Nc5 a5 34. Rb7 Na8 35. Rxb5 Rg7 36. Rxa5 Nb6 37. Ra6 Rg6 38. a4 Nc8 39. Rxg6+ Kxg6 40. a5 Kf5 41. a6 Na7 42. e6 Kf6 43. Kf2 h4 44. Kf3 h3 45. gxh3 Kg6 46. h4 Kg7 47. h5 Kf8 48. h6 Kg8 49. e7 Kf7 50. h7 1-0

[Event "EU-ch U14 Girls 27th"]
[Site "Mamaia"]
[Date "2017.09.12"]
[Round "7"]
[White "Langvik, Ulrikke"]
[Black "Shehzad, Alisha"]
[Result "1/2-1/2"]
[WhiteElo "1631"]
[BlackElo "1696"]
[PlyCount "81"]
[EventDate "2017.09.05"]
[EventType "swiss"]
[EventRounds "9"]
[EventCountry "ROU"]
[SourceTitle "CBM 180 Extra"]
[Source "ChessBase"]
[SourceDate "2017.10.06"]
[SourceVersion "1"]
[SourceVersionDate "2017.10.06"]
[SourceQuality "1"]

1. d4 d5 2. c4 c6 3. Nc3 Nf6 4. e3 e6 5. Nf3 Nbd7 6. Qc2 Be7 7. g4 Nxg4 8. Rg1 Ndf6 9. h3 Nh6 10. Rxg7 Bf8 11. Rg2 Rg8 12. e4 Rxg2 13. Bxg2 Nxe4 14. Nxe4 dxe4 15. Qxe4 Nf5 16. Bd2 h6 17. 0-0-0 Be7 18. Bf4 Bd6 19. Bxd6 Nxd6 20. Qe2 Qe7 21. Kb1 Bd7 22. b3 0-0-0 23. Qd2 Nf5 24. Qa5 a6 25. Re1 Qf6 26. Qc5 Qg6 27. Bh1 Nxd4+ 28. Kb2 Qc2+ 29. Ka3 Nxf3 30. Bxf3 Re8 31. Re2 Qc1+ 32. Ka4 Qb1 33. Be4 Qc1 34. Bf3 Qf1 35. Bg4 Qc1 36. Bf3 Qa1 37. Qe3 Qf6 38. Bg4 Qg6 39. Qc5 Qd3 40. Qe5 Qg6 41. f4 1/2-1/2

[Event "Hordaland-ch NGP"]
[Site "Bergen"]
[Date "2017.05.25"]
[Round "5"]
[White "Shehzad, Alisha"]
[Black "Mansoor, Afras"]
[Result "0-1"]
[WhiteElo "1448"]
[BlackElo "1899"]
[PlyCount "64"]
[EventDate "2017.05.25"]
[EventType "swiss"]
[EventRounds "6"]
[EventCountry "NOR"]
[SourceTitle "EXT 2024"]
[Source "ChessBase"]
[SourceDate "2023.10.10"]
[SourceVersion "1"]
[SourceVersionDate "2023.10.10"]
[SourceQuality "1"]

1. e4 Nf6 2. e5 Nd5 3. d4 d6 4. Nf3 Bg4 5. Be2 e6 6. 0-0 Be7 7. c4 Nb6 8. Nc3 0-0 9. Re1 Nc6 10. b3 d5 11. c5 Nd7 12. h3 Bh5 13. Nh2 Bxe2 14. Rxe2 f6 15. f4 Nxd4 16. Rd2 fxe5 17. fxe5 Nc6 18. Qg4 Bxc5+ 19. Kh1 Qe7 20. Qh5 Ndxe5 21. Bb2 Bd6 22. Re1 d4 23. Ne4 Bb4 24. Bxd4 Bxd2 25. Nxd2 Nxd4 26. Rxe5 Qd6 27. Rg5 Nf5 28. Ne4 Qf4 29. Qe2 Qc1+ 30. Nf1 Ne3 31. Ned2 Nxf1 32. Nxf1 Qxg5 0-1

[Event "Gibraltar Amateur op-B"]
[Site "Caleta"]
[Date "2017.02.01"]
[Round "5"]
[White "Shehzad, Alisha"]
[Black "Kearsley, Raymond J"]
[Result "1/2-1/2"]
[WhiteElo "1556"]
[BlackElo "1687"]
[PlyCount "67"]
[EventDate "2017.01.28"]
[EventType "swiss"]
[EventRounds "5"]
[EventCountry "GGB"]
[SourceTitle "EXT 2018"]
[Source "ChessBase"]
[SourceDate "2017.10.13"]
[SourceVersion "1"]
[SourceVersionDate "2017.10.13"]
[SourceQuality "1"]

1. e4 c5 2. Nc3 g6 3. f4 Bg7 4. Nf3 a6 5. d3 d6 6. g3 e6 7. Bg2 Ne7 8. 0-0 0-0 9. Be3 Qc7 10. Qd2 d5 11. Bf2 d4 12. Ne2 Nbc6 13. g4 f5 14. exf5 exf5 15. g5 Be6 16. Rae1 Bf7 17. Bg3 Rae8 18. Nc1 Nd5 19. Rxe8 Rxe8 20. Nb3 Ne3 21. Re1 Nb4 22. Nbxd4 cxd4 23. Qxb4 Qxc2 24. Qd2 Qxd2 25. Nxd2 Rc8 26. Bxb7 Rc2 27. Nf3 Rxb2 28. Bxa6 Bd5 29. Nh4 Rxa2 30. Bb5 Bf8 31. Bf2 Bd6 32. Bg3 Kf7 33. Rc1 Be7 34. Bf2 1/2-1/2